Städte und Gemeinden Landkreis Sächsische Schweiz-Osterzgebirge - Statistiken

Allgemein
  • Dieses Quiz wurde 33 mal gespielt
  • Das Durchschnittsergebnis liegt bei 16 aus 35
Antwortstatistiken
Einwohner:innenzahl Kommune % Korrekt
39.054 Pirna
92%
7870 Altenberg
76%
9522 Sebnitz
76%
39.558 Freital
72%
2101 Königstein (Sächsische Schweiz)
72%
14.161 Dippoldiswalde
68%
16.884 Heidenau
68%
3421 Bad Schandau
64%
11.888 Neustadt in Sachsen
60%
6657 Glashütte
56%
11.142 Bannewitz
52%
3092 Lohmen
52%
1549 Stadt Wehlen
52%
4629 Kreischa
48%
347 Rathen
48%
6249 Dohna
44%
1298 Reinhardtsdorf-Schöna
44%
5559 Stolpen
44%
14.551 Wilsdruff
44%
5541 Bad Gottleuba-Berggießhübel
40%
1995 Dohma
40%
4448 Rabenau
40%
5471 Tharandt
40%
1760 Gohrisch
36%
1368 Liebstadt
36%
4307 Dürrröhrsdorf-Dittersbach
32%
3201 Hohnstein
32%
2442 Struppen
32%
1910 Müglitztal
24%
979 Hartmannsdorf-Reichenau
20%
6840 Klingenberg
20%
1580 Rosenthal-Bielatal
20%
2149 Bahretal
16%
772 Hermsdorf/Erzgebirge
16%
920 Rathmannsdorf
16%
Keine übereinstimmenden Quizze gefunden
Verteilung der Resultate
Anzahl Personen mit jedem Resultat
Perzentil nach korrekt beantworteten Fragen
Ihre Resultats-Entwicklung
Sie haben dieses Quiz noch nicht gespielt